<?xml version="1.0" encoding="UTF-8"?>
<record
    xmlns:xsi="http://www.w3.org/2001/XMLSchema-instance"
    xsi:schemaLocation="http://www.loc.gov/MARC21/slim http://www.loc.gov/standards/marcxml/schema/MARC21slim.xsd"
    xmlns="http://www.loc.gov/MARC21/slim">

  <leader>03186    a2200313   4500</leader>
  <datafield tag="999" ind1=" " ind2=" ">
    <subfield code="c">116546</subfield>
    <subfield code="d">116546</subfield>
  </datafield>
  <controlfield tag="003">BJBSDDR</controlfield>
  <controlfield tag="005">20230411090806.0</controlfield>
  <controlfield tag="007">ta</controlfield>
  <controlfield tag="008">220808s2022    sp ||||| |||| 00| 0 spa d</controlfield>
  <datafield tag="020" ind1=" " ind2=" ">
    <subfield code="a">9788423433490</subfield>
  </datafield>
  <datafield tag="020" ind1=" " ind2=" ">
    <subfield code="a">8423433498</subfield>
  </datafield>
  <datafield tag="040" ind1=" " ind2=" ">
    <subfield code="b">spa</subfield>
    <subfield code="c">BJBSDDR</subfield>
  </datafield>
  <datafield tag="041" ind1=" " ind2=" ">
    <subfield code="a">spa</subfield>
    <subfield code="h">eng</subfield>
  </datafield>
  <datafield tag="050" ind1="1" ind2="4">
    <subfield code="a">HD 78</subfield>
    <subfield code="b">D143p 2022</subfield>
  </datafield>
  <datafield tag="100" ind1="1" ind2=" ">
    <subfield code="a">Dalio, Ray </subfield>
    <subfield code="d">1949&#x2010;</subfield>
    <subfield code="q">(Raymond Thomas), </subfield>
  </datafield>
  <datafield tag="240" ind1="1" ind2="0">
    <subfield code="a">Principles for dealing with the changing world order. </subfield>
    <subfield code="l">Espa&#xF1;ol</subfield>
  </datafield>
  <datafield tag="245" ind1="1" ind2="0">
    <subfield code="a">Principios para enfrentarse al nuevo orden mundial : </subfield>
    <subfield code="b">por qu&#xE9; triunfan y fracasan los pa&#xED;ses /</subfield>
    <subfield code="c">Ray Dalio ; traducci&#xF3;n de Diego S&#xE1;nchez de la Cruz.</subfield>
  </datafield>
  <datafield tag="260" ind1=" " ind2=" ">
    <subfield code="a">Barcelona :</subfield>
    <subfield code="b">Deusto, </subfield>
    <subfield code="c">2022.</subfield>
  </datafield>
  <datafield tag="300" ind1=" " ind2=" ">
    <subfield code="a">x, 660 p. :</subfield>
    <subfield code="b">ill. ;</subfield>
    <subfield code="c">23 cm</subfield>
  </datafield>
  <datafield tag="500" ind1=" " ind2=" ">
    <subfield code="a">T&#xED;t. orig.: Principles for dealing with the changing world Ooder: why nations succeed and fail.</subfield>
  </datafield>
  <datafield tag="520" ind1=" " ind2=" ">
    <subfield code="a">Los tiempos que vienen ser&#xE1;n radicalmente diferentes a los que hemos vivido hasta ahora, pero se parecer&#xE1;n mucho a otras etapas de la historia. Esta es la principal conclusi&#xF3;n a la que ha llegado el experto inversor Ray Dalio, despu&#xE9;s de un tit&#xE1;nico estudio de episodios an&#xE1;logos al presente en los &#xFA;ltimos quinientos a&#xF1;os: los ciclos hist&#xF3;ricos siempre han sido muy similares entre ellos.Despu&#xE9;s de su bestseller mundial "Principios", Dalio vuelve con un nuevo libro, en el que descubre los ciclos que explican del auge y la ca&#xED;da de los grandes imperios, como el holand&#xE9;s, el ingl&#xE9;s y el estadounidense. En nuestros d&#xED;as, aparentemente, asistimos al declive de Estados Unidos, y al progresivo ascenso de China como potencia dominante. Si hacemos caso a estas &#xAB;se&#xF1;ales&#xBB;, interpretadas bajo un an&#xE1;lisis comparativo con periodos hist&#xF3;ricos anteriores, estamos a las puertas del alumbramiento de un nuevo orden mundial. En este libro encontraremos una panor&#xE1;mica global de las fuerzas que han impulsado hist&#xF3;ricamente el &#xE9;xito de los pa&#xED;ses y su posterior decadencia. La historia se repite, sostiene Dalio, en un &#xAB;Gran Ciclo arquet&#xED;pico&#xBB;: todos los nuevos imperios han vivido una fase de liderazgo, crecimiento pac&#xED;fico y prosperidad; una p&#xE9;rdida de competitividad y productividad, con una crisis fruto de la sobreexpansi&#xF3;n; y un periodo de declive, en la forma de p&#xE9;rdida de poder financiero, conflictos internos y guerras o revoluciones. Todas estas &#xAB;se&#xF1;ales&#xBB;, que podemos identificar tambi&#xE9;n hoy, preludian la consagraci&#xF3;n de la nueva potencia mundial, reinici&#xE1;ndose de nuevo el &#xAB;Gran Ciclo&#xBB;.Bas&#xE1;ndose en este descubrimiento de los patrones del cambio econ&#xF3;mico y social, Dalio aspira tambi&#xE9;n a brindar algunas valiosas pistas, para l&#xED;deres pol&#xED;ticos y empresariales y para todos nosotros, sobre c&#xF3;mo puede ser el futuro pr&#xF3;ximo. El &#xAB;Steve Jobs del mundo de la inversi&#xF3;n&#xBB;, como ha sido apodado, nos ofrece un mapa incomparable que nos permitir&#xE1; anticipar el porvenir a partir del estudio del pasado</subfield>
  </datafield>
  <datafield tag="650" ind1=" " ind2="4">
    <subfield code="9">2117</subfield>
    <subfield code="a">Desarrollo econ&#xF3;mico</subfield>
    <subfield code="x">Historia</subfield>
  </datafield>
  <datafield tag="650" ind1=" " ind2="4">
    <subfield code="9">4323</subfield>
    <subfield code="a">Pol&#xED;tica econ&#xF3;mica</subfield>
    <subfield code="x">Historia</subfield>
  </datafield>
  <datafield tag="650" ind1=" " ind2="4">
    <subfield code="9">3048</subfield>
    <subfield code="a">Balance de poder</subfield>
  </datafield>
  <datafield tag="650" ind1=" " ind2="4">
    <subfield code="9">28</subfield>
    <subfield code="a">Historia econ&#xF3;mica</subfield>
  </datafield>
  <datafield tag="700" ind1="1" ind2=" ">
    <subfield code="9">24036</subfield>
    <subfield code="a">S&#xE1;nchez de la Cruz, Diego. </subfield>
    <subfield code="e">traductor</subfield>
  </datafield>
  <datafield tag="942" ind1=" " ind2=" ">
    <subfield code="2">lcc</subfield>
    <subfield code="c">BK</subfield>
  </datafield>
  <datafield tag="946" ind1=" " ind2=" ">
    <subfield code="i">rmza</subfield>
  </datafield>
  <datafield tag="952" ind1=" " ind2=" ">
    <subfield code="0">0</subfield>
    <subfield code="1">0</subfield>
    <subfield code="4">0</subfield>
    <subfield code="7">0</subfield>
    <subfield code="8">CS</subfield>
    <subfield code="a">BJB</subfield>
    <subfield code="b">BJB</subfield>
    <subfield code="c">CS</subfield>
    <subfield code="d">2022-08-08</subfield>
    <subfield code="l">0</subfield>
    <subfield code="o">HD 78 D143p 2022</subfield>
    <subfield code="p">00000162787</subfield>
    <subfield code="r">2022-08-08 00:00:00</subfield>
    <subfield code="t">1</subfield>
    <subfield code="w">2022-08-08</subfield>
    <subfield code="y">BK</subfield>
  </datafield>
</record>
